[Event "Individual Zaragoza Primera 2015"]
[Site ""]
[Date "2015.10.04"]
[Round "2.24"]
[White "Lorente Latorre Antonio"]
[Black "Argueso Palomino Manuel"]
[Result "1/2-1/2"]
[WhiteElo "1632"]
[BlackElo "1709"]

1.e4 d6 2.d4 Nd7 3.Bc4 c6 4.a4 e5 5.c3 Ngf6 6.Bg5 Qb6 7.b4 Nxe4 8.a5 Qc7 9.Nf3
d5 10.Bd3 exd4 11.Bxe4 dxe4 12.Nxd4 Qe5 13.Be3 c5 14.Nb5 cxb4 15.Qa4 a6 16.Na7
bxc3 17.Bd4 Qg5 18.O-O Be7 19.Nxc3 Qg6 20.Rfe1 f5 21.Nd5 Bd8 22.Rac1 Qd6 23.
Ne3 O-O 24.Nxc8 Qe6 25.Red1 f4 26.Nf1 f3 27.Ne3 fxg2 28.Bxg7 Kxg7 29.Rxd7+ Kh8
30.Nb6 Qf6 31.Qd4 Bxb6 32.axb6 Qxd4 33.Rxd4 Rf7 34.Rc7 Raf8 35.Rxf7 Rxf7 36.
Rd8+ Kg7 37.Rc8 a5 38.Nc4 a4 39.Ra8 Rd7 40.Rxa4 Kf6 41.Ne3 Rd6 42.Rxe4 Rc6 43.
Rh4 Kg5 44.Rb4 h5 45.h3 Kh6 46.Nf5+ Kg5 47.Ne3 Re6 48.Nd5 Rd6 49.Rb5 Kh6 50.
Kxg2 h4 51.Rc5 Kg6 52.Ne7+ Kf6 53.Nc8 Rd8 54.Rc7 Ke6 55.Rxb7 Rxc8 56.Ra7 Rb8
57.f4 Kf5 58.Kf3 Rxb6 59.Ra5+ Kg6 60.Kg4 Rb1 61.f5+ Kf6 62.Ra6+ Kg7 63.Rg6+
Kf7 64.Kxh4 Rh1 65.Rg3 Kf6 66.Rf3 Rg1 1/2-1/2

[Event "Individual Zaragoza Primera 2015"]
[Site ""]
[Date "2015.10.04"]
[Round "2.26"]
[White "Aviol Pérez José Mariano"]
[Black "Maisterra Merino Aaron"]
[Result "1-0"]
[WhiteElo "1820"]
[BlackElo "1449"]

1.d4 d5 2.Nf3 Nc6 3.g3 g6 4.Bg2 Nf6 5.O-O Bg7 6.c4 O-O 7.Nc3 e6 8.Bg5 dxc4 9.
Qd2 Ne7 10.e4 Nd7 11.Rfe1 f6 12.Be3 e5 13.Rad1 a6 14.a4 Nb6 15.a5 Nd7 16.dxe5
fxe5 17.Ng5 Rf6 18.Bh3 Rd6 19.Qe2 Nf6 20.Qxc4+ 1-0

[Event "Individual Zaragoza Primera 2015"]
[Site ""]
[Date "2015.10.04"]
[Round "2.27"]
[White "Requena Briones Rafael Marian"]
[Black "Glaria Tevar Salvador"]
[Result "0-1"]
[WhiteElo "1615"]
[BlackElo "1846"]

1.e4 c5 2.f4 g6 3.Bc4 Bg7 4.Nf3 Nc6 5.O-O e6 6.Nc3 Nge7 7.a3 O-O 8.Rb1 d5 9.
exd5 exd5 10.Ba2 Be6 11.Ng5 Bf5 12.d3 Qd7 13.Qe1 Nd4 14.Qf2 c4 15.Re1 Rae8 16.
Be3 Nxc2 17.Bc5 Bxd3 18.Nxh7 Nxe1 19.Rxe1 Nf5 20.Nxf8 Rxf8 0-1

[Event "Individual Zaragoza Primera 2015"]
[Site ""]
[Date "2015.10.04"]
[Round "2.28"]
[White "Sanz Navarro Alberto"]
[Black "Nuñez Gonzalez Victor Antonio"]
[Result "1-0"]
[WhiteElo "1600"]
[BlackElo "1824"]

1.e4 d6 2.f4 e5 3.d4 exd4 4.Qxd4 Nc6 5.Bb5 Bd7 6.Bxc6 bxc6 7.Nc3 c5 8.Qe3 c6
9.Nf3 Nf6 10.b3 Be7 11.Bb2 Ng4 12.Qe2 O-O 13.O-O-O Qc7 14.h3 Nh6 15.g4 f6 16.
Rhg1 Nf7 17.h4 Qc8 18.f5 a5 19.g5 Ne5 20.Nxe5 dxe5 21.g6 h6 22.Qc4+ Kh8 23.Kb1
Qe8 24.Bc1 Rg8 25.Na4 Rd8 26.Nxc5 Bxc5 27.Qxc5 a4 28.Rd3 axb3 29.axb3 Bc8 30.
Rgd1 Rxd3 31.Rxd3 Bb7 32.Qb6 Qc8 33.Qc5 Rd8 34.Rd6 Rxd6 35.Qxd6 c5 36.Bxh6
Bxe4 37.Bxg7+ Kxg7 38.Qe7+ Kg8 39.Qf7+ 1-0

[Event "Individual Zaragoza Primera 2015"]
[Site ""]
[Date "2015.10.04"]
[Round "2.29"]
[White "Subira Navarro Oscar"]
[Black "Pérez Bella José Maria"]
[Result "1/2-1/2"]
[WhiteElo "1811"]
[BlackElo "1604"]

1.e4 Nf6 2.Nc3 d5 3.e5 Nfd7 4.d4 e6 5.f4 c5 6.Nf3 cxd4 7.Nxd4 Nc6 8.Bb5 Nxd4
9.Qxd4 a6 10.Be2 Bc5 11.Qd3 O-O 12.Be3 Qb6 13.Nd1 f6 14.exf6 Rxf6 15.O-O Qc7
16.c3 Bxe3+ 17.Qxe3 Qc5 18.Kh1 g6 19.Qd4 Qxd4 20.cxd4 b5 21.Ne3 Nb6 22.Ng4 Rf8
23.b3 Nd7 24.Rac1 Nf6 25.Ne5 Bb7 26.Rc7 Rab8 27.g4 Ne8 28.Rc5 Rc8 29.b4 Nd6
30.Bd3 Nc4 31.h3 Nxe5 32.dxe5 Rxc5 33.bxc5 Rc8 34.Rc1 Kg7 35.Kg2 Bc6 36.f5
gxf5 37.gxf5 exf5 38.Bxf5 Rf8 39.Bg4 Kg6 40.Re1 h5 41.Bf3 h4 42.e6 Rf5 43.e7
Kf7 44.Bg4 d4+ 45.Kg1 Rxc5 46.Bf3 Bd7 47.Bg4 Bc6 1/2-1/2

[Event "Individual Zaragoza Primera 2015"]
[Site ""]
[Date "2015.10.04"]
[Round "2.30"]
[White "Obon Zuñiga Francisco"]
[Black "Navarro Rubio Rafael"]
[Result "1-0"]
[WhiteElo "1807"]
[BlackElo "1595"]

1.d4 Nf6 2.c4 e5 3.dxe5 Ng4 4.Nf3 Bb4+ 5.Bd2 Qe7 6.e3 Bxd2+ 7.Qxd2 Nxe5 8.Be2
Nbc6 9.O-O d6 10.Nc3 Be6 11.b3 O-O 12.Nd4 Rad8 13.f4 Nxd4 14.exd4 Ng4 15.f5
Nxh2 16.Kxh2 Qh4+ 17.Kg1 Bd7 18.Rf3 c6 19.Raf1 Rfe8 20.Bd1 Re7 21.Bc2 Rde8 22.
Rf4 Qg3 23.Ne4 Rxe4 24.Bxe4 h5 25.f6 Qg5 26.Qd3 g6 27.Bxg6 Qxg6 28.Qxg6+ 1-0

[Event "Individual Zaragoza Primera 2015"]
[Site ""]
[Date "2015.10.04"]
[Round "2.31"]
[White "Celma Pueyo Ramón"]
[Black "Moreno Martin-Viveros Alvaro"]
[Result "0-1"]
[WhiteElo "1594"]
[BlackElo "1806"]

1.d4 Nf6 2.c4 e6 3.Nc3 d5 4.cxd5 exd5 5.Nf3 c6 6.Bg5 Be7 7.e3 O-O 8.Bd3 Nbd7
9.Qc2 Re8 10.O-O Nf8 11.h3 Ng6 12.Nh4 Nxh4 13.Bxh4 Ne4 14.Bxe7 Qxe7 15.Ne2 Qg5
16.Nf4 Bf5 17.Rae1 Nd6 18.Bxf5 Nxf5 19.g3 Nd6 20.Re2 Ne4 21.Rfe1 Qf5 22.g4 Qg5
23.Ng2 Qh6 24.h4 Qf6 25.f4 Qg6 26.g5 Re7 27.Kh2 Rae8 28.Rf1 Qf5 29.Rf3 a6 30.
Qd1 Nd6 31.b3 Qe4 32.Rh3 Nf5 33.Qd2 Nxd4 34.Rf2 Nf5 35.Qe2 d4 36.Qg4 Nxe3 37.
Nxe3 dxe3 38.Re2 Qd4 39.h5 Qd3 40.Qf3 Rd8 41.f5 Qxe2+ 42.Qxe2 Rd2 43.Qxd2 exd2
44.Rd3 Re2+ 45.Kg3 Kf8 46.Kf3 Rh2 47.Kg4 Ke7 48.a4 b5 49.axb5 axb5 50.b4 Re2
51.Kf3 Re5 52.Kf4 Rd5 53.f6+ gxf6 54.Re3+ Kd6 0-1

[Event "Individual Zaragoza Primera 2015"]
[Site ""]
[Date "2015.10.04"]
[Round "2.32"]
[White "Teresa Moya Alejandro"]
[Black "Reguera Campillo Moises"]
[Result "1/2-1/2"]
[WhiteElo "1751"]
[BlackElo "1593"]

1.Nc3 f5 2.e4 fxe4 3.Nxe4 Nf6 4.Nxf6+ exf6 5.d4 c6 6.Bd3 g6 7.Nf3 Qe7+ 8.Qe2
Qxe2+ 9.Bxe2 Bg7 10.O-O O-O 11.Bf4 d5 12.Rfe1 Bg4 13.Bd3 Bxf3 14.gxf3 f5 15.c3
Nd7 16.Re7 Rf7 17.Rae1 Bf6 18.R7e6 Kg7 19.b4 Nf8 20.R6e2 Rd8 21.Be5 Rdd7 22.
Bxf6+ Kxf6 23.Re8 h6 24.a4 Rd6 25.b5 Re6 26.R1xe6+ Nxe6 27.bxc6 bxc6 28.Rc8
Rc7 29.Ba6 c5 30.dxc5 Rxc8 31.Bxc8 Nxc5 32.a5 Na4 33.Bb7 Nxc3 34.Kf1 Ke5 35.
Ke1 Na4 36.f4+ Kd4 37.Ke2 Nc3+ 38.Kd2 Ne4+ 39.Ke2 Nd6 40.Bc6 Kc5 41.Bd7 Nc4
42.a6 Nd6 43.Be6 g5 44.fxg5 hxg5 45.f4 g4 46.Kd3 d4 1/2-1/2

[Event "Individual Zaragoza Primera 2015"]
[Site ""]
[Date "2015.10.04"]
[Round "2.33"]
[White "Manguez Tomás Andrés"]
[Black "Lluciá Marco Luis"]
[Result "1-0"]
[WhiteElo "1744"]
[BlackElo "1583"]

1.e4 e5 2.Nf3 Nc6 3.Bc4 Bc5 4.O-O Nf6 5.d3 O-O 6.Bg5 d6 7.h3 Na5 8.Nbd2 Nxc4
9.Nxc4 Re8 10.c3 Be6 11.Ne3 h6 12.Bh4 a6 13.Qe2 Bxe3 14.fxe3 c5 15.d4 Qc7 16.
Bxf6 gxf6 17.d5 Bxh3 18.gxh3 Kh7 19.Kh2 Rg8 20.Nh4 Qd8 21.Rg1 Rg5 22.Rxg5 fxg5
23.Nf5 Qf6 24.Qh5 Rg8 25.Rf1 Rg6 26.Rf3 g4 27.hxg4 Rg5 28.Qh4 Rg6 29.Qxf6 Rxf6
30.Kg3 Kg6 31.Ne7+ Kg7 32.Rxf6 Kxf6 33.Nf5 1-0

[Event "Individual Zaragoza Primera 2015"]
[Site ""]
[Date "2015.10.04"]
[Round "2.34"]
[White "Valladolid Martin Luis"]
[Black "Navarro Sancho Rafael"]
[Result "0-1"]
[WhiteElo "1593"]
[BlackElo "1732"]

1.e4 g6 2.d4 Bg7 3.Nf3 d6 4.Bc4 Nf6 5.e5 dxe5 6.Nxe5 O-O 7.O-O Nbd7 8.Bf4 Nb6
9.Bb3 Bf5 10.Nc3 Rc8 11.Qd2 c5 12.Bh6 cxd4 13.Bxg7 Kxg7 14.Ne2 Qc7 15.f4 Rcd8
16.Rac1 Qc5 17.Kh1 Ne4 18.Qe1 f6 19.Nd3 Qd6 20.Ng3 Nxg3+ 21.Qxg3 Be4 22.h4 Bd5
23.Rf3 Bxb3 24.cxb3 Nd5 25.h5 Ne3 26.h6+ Kf7 27.Qh3 Qd7 28.Qh2 Qf5 29.Nf2 Rc8
30.Rg1 Rc2 31.g4 Qd5 32.Qg3 Rfc8 33.f5 g5 34.Re1 Rc1 35.Rxc1 Rxc1+ 36.Kh2 Nf1+
0-1

[Event "Individual Zaragoza Primera 2015"]
[Site ""]
[Date "2015.10.04"]
[Round "2.35"]
[White "Miranda Herrera Jorge Manuel"]
[Black "Gastón Cabello Jorge"]
[Result "1/2-1/2"]
[WhiteElo "1574"]
[BlackElo "1731"]

1.e4 c5 2.Nc3 Nc6 3.g3 g6 4.d3 Bg7 5.Be3 d6 6.Qd2 Nf6 7.f3 Be6 8.h4 h5 9.Nge2
a6 10.d4 cxd4 11.Nxd4 Bd7 12.Bc4 Ne5 13.Bb3 Rc8 14.O-O Nc4 15.Bxc4 Rxc4 16.b3
Rc7 17.Nd5 Nxd5 18.exd5 Qc8 19.Rac1 b5 20.Rfe1 O-O 21.Bh6 Re8 22.Bxg7 Kxg7 23.
Re3 Qb7 24.c4 bxc4 25.Qc3 Kg8 26.bxc4 e5 27.dxe6 Bxe6 28.Nxe6 fxe6 29.Qf6 Kh7
30.Rb3 Qa7+ 31.Kg2 Rf7 32.Qc3 Ref8 33.Qe3 Qxe3 34.Rxe3 e5 35.Rd1 Rf6 36.Red3
Rb8 37.Rb3 Rc8 38.Rb4 Rc6 39.Kf2 Rf7 40.Ke3 Rfc7 41.Rd5 Kg7 42.Kd3 Kf7 43.f4
Ke6 44.fxe5 dxe5 45.Ra5 Rd7+ 46.Ke3 Rd4 47.Rb8 Rdxc4 48.Re8+ 1/2-1/2

[Event "Individual Zaragoza Primera 2015"]
[Site ""]
[Date "2015.10.04"]
[Round "2.36"]
[White "Roldán Pérez Juan José"]
[Black "Gimeno Royo José Andrés"]
[Result "0-1"]
[WhiteElo "1573"]
[BlackElo "1694"]

1.e4 d5 2.exd5 Nf6 3.d4 Nxd5 4.c4 Nb6 5.Nf3 Bg4 6.c5 Nd5 7.Be2 e6 8.a3 Be7 9.
O-O O-O 10.Nc3 Nc6 11.Nxd5 Qxd5 12.Be3 Rfd8 13.h3 Bh5 14.g4 Bg6 15.Qd2 Qe4 16.
Qc3 Qd5 17.Rfd1 Qd7 18.Bc4 Be4 19.Ne5 Nxe5 20.dxe5 Qc6 21.Bf1 Bf3 22.Re1 Rd7
23.Be2 Rad8 24.Rac1 Bxe2 25.Rxe2 Qf3 26.Rce1 Qxh3 27.c6 Qxg4+ 28.Kf1 Qf3 29.
Rc2 bxc6 30.Bxa7 Qxc3 31.Rxc3 Rd2 32.Rxc6 Rxb2 33.a4 Rb7 34.Bc5 Bxc5 35.Rxc5
Rd5 36.Rec1 Rxc5 37.Rxc5 Kf8 38.Ra5 Ke7 39.Ra8 f5 40.a5 Rb5 41.f4 Rb4 42.Rc8
Rxf4+ 43.Kg2 Kd7 44.Rg8 Rg4+ 45.Kf3 Kc6 46.Re8 Kd5 47.a6 Ra4 48.Ra8 Kxe5 49.a7
g5 50.Ke3 h5 51.Kf3 h4 52.Kg2 g4 53.Kf2 h3 54.Kg1 Ra2 0-1

[Event "Individual Zaragoza Primera 2015"]
[Site ""]
[Date "2015.10.04"]
[Round "2.37"]
[White "Sedano Jover Adrián"]
[Black "Muro Guerrero Miguel"]
[Result "1/2-1/2"]
[WhiteElo "1534"]
[BlackElo "1664"]

1.d4 Nf6 2.Nf3 d5 3.c4 e6 4.Nc3 Nbd7 5.Bg5 Be7 6.e3 O-O 7.Bd3 b6 8.cxd5 exd5
9.O-O Bb7 10.Rc1 c5 11.b3 Rc8 12.Qd2 cxd4 13.exd4 Bb4 14.Qb2 Re8 15.a3 Be7 16.
Rfe1 Nf8 17.Bb5 Bc6 18.Ba6 Rc7 19.Nb5 Bxb5 20.Bxb5 N8d7 21.Rxc7 Qxc7 22.Bxf6
gxf6 23.Rc1 Qd6 24.b4 Rd8 25.Rc6 Qb8 1/2-1/2

[Event "Individual Zaragoza Primera 2015"]
[Site ""]
[Date "2015.10.04"]
[Round "2.38"]
[White "Cortés Sobrevilla Cecilio"]
[Black "Pintanel Torres Manuel"]
[Result "0-1"]
[WhiteElo "1664"]
[BlackElo "1551"]

1.d4 d5 2.Nf3 Nf6 3.e3 Bf5 4.Be2 h6 5.c4 dxc4 6.Bxc4 e6 7.Ne5 Bd6 8.f4 Nbd7 9.
Nc3 O-O 10.O-O a6 11.a4 Rc8 12.Ba2 c6 13.h3 Nb6 14.Nf3 Bb4 15.Nh4 Bh7 16.Nf3
c5 17.Bb3 cxd4 18.Na2 Bd6 19.Nxd4 Ne4 20.f5 exf5 21.Nxf5 Bxf5 22.Rxf5 Qc7 23.
Rf3 Rcd8 24.Qe1 Bg3 25.Rxg3 Nxg3 26.e4 Rfe8 27.Nc3 Nc4 28.Bxc4 Qxc4 29.Qxg3
Rd3 30.Qe1 Re6 31.Be3 f5 32.Qf2 fxe4 33.Rf1 Rf6 34.Qe2 Rxf1+ 35.Kxf1 Qf7+ 36.
Kg1 Qf5 37.Bf2 Qf4 38.Qxe4 Rd1+ 39.Be1 Qxe4 0-1

[Event "Individual Zaragoza Primera 2015"]
[Site ""]
[Date "2015.10.04"]
[Round "2.39"]
[White "Miranda Herrera Miguel"]
[Black "Vallejo Blasco Arturo"]
[Result "1-0"]
[WhiteElo "1318"]
[BlackElo "1662"]

1.b4 e5 2.Bb2 d6 3.d3 g6 4.Nd2 Bg7 5.g3 Be6 6.Bg2 c6 7.Ngf3 f5 8.c4 Nf6 9.Qc2
O-O 10.Ng5 Bd7 11.c5 Nd5 12.Nh3 Be6 13.a3 Qd7 14.Ng5 f4 15.Nxe6 Qxe6 16.cxd6
Qxd6 17.Nc4 Qe6 18.O-O Nd7 19.Rac1 h5 20.e4 fxe3 21.Nxe3 Bh6 22.Nxd5 cxd5 23.
Qb3 Nf6 24.Rc5 Rad8 25.Re1 Qf7 26.Rxe5 Ne4 27.f4 Nxc5 28.bxc5 Kh7 29.Bxd5 Qc7
30.Qxb7 Qxb7 31.Bxb7 Rxd3 32.Re7+ Kg8 33.Be5 Rf7 34.Rxf7 Kxf7 35.c6 Rd1+ 36.
Kg2 Rd2+ 37.Kh3 g5 38.fxg5 Bxg5 39.c7 Rc2 40.c8=Q Rxc8 41.Bxc8 Bd8 42.Ba6 Bb6
43.Kh4 Kg6 44.Bd3+ Kh6 45.Bf4+ Kg7 46.Kxh5 Bc5 47.a4 a5 48.Bd2 Bb6 49.Kg5 Kf7
50.h4 Kg7 51.h5 Bd8+ 52.Kf5 Bc7 53.h6+ Kh8 54.Bc3+ Kg8 55.Ke6 Be5 56.Bxe5 Kf8
57.h7 1-0

[Event "Individual Zaragoza Primera 2015"]
[Site ""]
[Date "2015.10.04"]
[Round "2.40"]
[White "Fernández Sierra Pedro José"]
[Black "Sanchez Pérez Carlos"]
[Result "1/2-1/2"]
[WhiteElo "1653"]
[BlackElo "1534"]

1.e4 e6 2.d4 d5 3.e5 Nd7 4.Nf3 Be7 5.Be2 c6 6.a3 Nb6 7.O-O h6 8.b4 Bd7 9.c3
Qc7 10.a4 a5 11.b5 cxb5 12.axb5 Nc4 13.Qb3 Qb6 14.Bxc4 dxc4 15.Qxc4 Bxb5 16.
Qb3 Qa6 17.Re1 Bc4 18.Qb2 Bd5 19.Nbd2 b5 20.Qc2 Rc8 21.Qd3 a4 22.Ba3 Rc7 23.
Reb1 Bxa3 24.Rxa3 Rb7 25.Nb3 Bxb3 26.Rbxb3 Ne7 27.h3 O-O 28.Rb4 Nd5 29.Rbxa4
Qc6 30.Ra8 Rb6 31.Rxf8+ Kxf8 32.Nd2 Nf4 33.Qf3 Qxf3 34.Nxf3 b4 35.Ra8+ Ke7 36.
Ra7+ Ke8 37.cxb4 Rxb4 38.Ra8+ Kd7 39.Ra7+ Ke8 40.Ra8+ 1/2-1/2

[Event "Individual Zaragoza Primera 2015"]
[Site ""]
[Date "2015.10.04"]
[Round "2.41"]
[White "Carrasquer Alonso Luis"]
[Black "Lanaspa Ballesteros Federico"]
[Result "1-0"]
[WhiteElo "1647"]
[BlackElo "1476"]

1.e4 e6 2.d4 d5 3.e5 c5 4.c3 Nc6 5.f4 Qb6 6.Nf3 cxd4 7.cxd4 Bb4+ 8.Nc3 Bd7 9.
a3 Be7 10.Na4 Qd8 11.Nc5 Bxc5 12.dxc5 f6 13.b4 a6 14.Bb2 f5 15.Bd3 Nce7 16.Nd4
h5 17.O-O Nh6 18.Qxh5+ Nf7 19.Qe2 g5 20.Nxf5 Nxf5 21.Bxf5 gxf4 22.Bg6 Bb5 23.
Bxf7+ Kxf7 24.Rxf4+ Ke7 25.Qg4 Qg8 26.Qxg8 Raxg8 27.h4 Rh5 28.Kf2 Bd3 29.g3
Be4 30.a4 Rf5 31.Rg1 Rxf4+ 32.gxf4 Rxg1 33.Kxg1 Bc2 34.b5 axb5 35.axb5 Ba4 36.
b6 Kd7 37.h5 Bc2 38.Kh2 Bd3 39.Kg3 Ke7 40.c6 1-0

[Event "Individual Zaragoza Primera 2015"]
[Site ""]
[Date "2015.10.18"]
[Round "3.1"]
[White "Miranda Garcia Eduardo"]
[Black "Santos Morales Julio César"]
[Result "1-0"]
[WhiteElo "1765"]
[BlackElo "1837"]

1.e4 c6 2.d4 d5 3.e5 Bf5 4.f4 e6 5.Nf3 c5 6.c3 Nc6 7.Be3 Qb6 8.b3 cxd4 9.Nxd4
Nxd4 10.Bxd4 Bc5 11.Bxc5 Qxc5 12.Qd4 Rc8 13.Qxc5 Rxc5 14.Kd2 Ne7 15.Na3 a6 16.
Nc2 O-O 17.Nd4 Be4 18.Rg1 Rfc8 19.Rc1 g5 20.g3 Kh8 21.c4 dxc4 22.Rxc4 gxf4 23.
gxf4 Rxc4 24.bxc4 Ng6 25.Ke3 Bb1 26.a4 Nh4 27.Be2 Nf5+ 28.Nxf5 Bxf5 29.Kd4 b6
30.Rc1 Rc5 31.Rc3 Rc7 32.h4 Rd7+ 33.Ke3 Rc7 34.Rb3 Rc6 35.h5 Kg7 36.Kd4 Bc2
37.Ra3 Rc5 38.a5 Rxa5 39.Rxa5 bxa5 40.c5 a4 41.c6 a3 42.Kc3 Be4 43.c7 a2 44.
Kb2 a1=Q+ 45.Kxa1 Bb7 46.Kb2 Kf8 47.Kc3 Ke7 48.h6 f5 49.exf6+ Kxf6 50.Bd3 Bc8
51.Bxh7 e5 52.fxe5+ Kxe5 53.Bc2 Kf6 54.Kd4 Kf7 55.Ke5 1-0

[Event "Individual Zaragoza Primera 2015"]
[Site ""]
[Date "2015.10.18"]
[Round "3.2"]
[White "Nedov Octavian"]
[Black "Rodrigo Bordetas David"]
[Result "1/2-1/2"]
[WhiteElo "1814"]
[BlackElo "1754"]

1.d4 d5 2.Bf4 Nf6 3.e3 e6 4.Nf3 Bd6 5.c3 b6 6.Bd3 O-O 7.Nbd2 Ba6 8.Qe2 Bxd3 9.
Qxd3 c5 10.Bxd6 Qxd6 11.Ne5 Nc6 12.f4 Nd7 13.O-O Ne7 14.Rad1 f6 15.Nxd7 Qxd7
16.dxc5 bxc5 17.e4 Qc7 18.exd5 exd5 19.Rf3 Rfd8 20.Rh3 Ng6 21.Rf1 Rab8 22.b3
Qf7 23.Qf3 c4 24.Qh5 Nf8 25.Qxf7+ Kxf7 26.bxc4 dxc4 27.Nxc4 Rbc8 28.Na3 Rc5
29.Rb1 Kg8 30.Rb7 Ra5 31.c4 Rd2 32.Rg3 Nd7 33.h3 g6 34.Re3 Nf8 35.Rc3 Rxa2 36.
Nc2 Rc5 37.Na3 Rf5 38.Rxa7 Rxf4 39.Nb5 Rb2 40.Raa3 Rff2 41.Rg3 f5 42.Raf3 Rxf3
43.Rxf3 Ne6 44.g3 Ng5 45.Rc3 Nxh3+ 46.Kf1 Ng5 47.Nd6 Ne6 48.c5 Kf8 49.c6 Nc7
50.Nb7 Rd2 51.Ke1 Rd4 52.Ke2 Ke7 53.Re3+ Kf6 54.Nc5 Rc4 55.Nd7+ Kg5 56.Ne5 Rc5
57.Nf3+ Kf6 58.Nd4 Re5 59.Kf3 Rxe3+ 60.Kxe3 Ke5 61.Nf3+ Kd5 62.Nd4 h6 63.Kd3
Na6 64.Ke3 Ke5 65.Nb5 Nb4 66.c7 Nd5+ 67.Kf3 Ne7 68.Na7 1/2-1/2

[Event "Individual Zaragoza Primera 2015"]
[Site ""]
[Date "2015.10.18"]
[Round "3.3"]
[White "Sanchez Vallés José Maria"]
[Black "Merin Flores Miguel Angel"]
[Result "1-0"]
[WhiteElo "1782"]
[BlackElo "1732"]

1.e4 c6 2.Nf3 d5 3.Nc3 dxe4 4.Nxe4 Nd7 5.Bc4 Ngf6 6.Neg5 e6 7.Qe2 Be7 8.Nxf7
Kxf7 9.Qxe6+ Kg6 10.Qf7+ Kf5 11.Be6+ Kf4 12.d3# 1-0

[Event "Individual Zaragoza Primera 2015"]
[Site ""]
[Date "2015.10.18"]
[Round "3.4"]
[White "Iglesias Fernandez Luis"]
[Black "Garcia Lasheras Miguel Angel"]
[Result "1-0"]
[WhiteElo "1764"]
[BlackElo "1774"]

1.e4 e5 2.Nf3 Nc6 3.Bb5 a6 4.Ba4 Nf6 5.O-O d6 6.d3 Be7 7.c3 O-O 8.Qe2 b5 9.Bc2
Bg4 10.Nbd2 d5 11.h3 dxe4 12.hxg4 exf3 13.Nxf3 Qd6 14.g5 Nd7 15.Rd1 Rad8 16.d4
exd4 17.Nxd4 Nxd4 18.Rxd4 1-0

[Event "Individual Zaragoza Primera 2015"]
[Site ""]
[Date "2015.10.18"]
[Round "3.5"]
[White "Garcia Mendez Beatriz"]
[Black "Carreras Villagrasa Pablo"]
[Result "0-1"]
[WhiteElo "1766"]
[BlackElo "1548"]

1.e4 e6 2.d4 d5 3.e5 c5 4.Nf3 Nc6 5.Bd3 Bd7 6.O-O cxd4 7.a3 f6 8.Re1 fxe5 9.
Nxe5 Nxe5 10.Rxe5 Bd6 11.Qh5+ Kf8 12.f4 Qf6 13.Re1 Ne7 14.Bd2 Nf5 15.Qf3 Rc8
16.g3 Ne3 17.Rxe3 dxe3 18.Bc3 d4 19.Qxb7 dxc3 20.Qxd7 Rd8 21.Qxa7 cxb2 22.Ra2
g5 23.Qxe3 gxf4 24.gxf4 Bxf4 25.Qb6 Rg8+ 26.Kh1 Qh4 27.Qb4+ Kf7 28.Qb7+ Kf6
29.Qxb2+ Be5 30.c3 Qe1+ 0-1

[Event "Individual Zaragoza Primera 2015"]
[Site ""]
[Date "2015.10.18"]
[Round "3.6"]
[White "Pellicer Sancho Rafael José"]
[Black "Garcia Estruch Jorge"]
[Result "0-1"]
[WhiteElo "1739"]
[BlackElo "1847"]

1.d4 Nf6 2.c4 c5 3.d5 e6 4.Nc3 d6 5.e4 Be7 6.Nf3 O-O 7.Bd3 exd5 8.exd5 Bg4 9.
h3 Bh5 10.Be3 Nbd7 11.g4 Bg6 12.g5 Nh5 13.h4 f5 14.gxf6 Bxd3 15.fxe7 Qxe7 16.
Qxd3 Rxf3 17.O-O-O Ne5 18.Qe2 Raf8 19.Ne4 Nf4 20.Qc2 Ned3+ 21.Rxd3 Qxe4 22.
Rdd1 Qe5 23.Rdg1 Qf5 24.Rg5 Qxc2+ 25.Kxc2 Nh3 26.Rg3 Nxf2 27.Bxf2 Rxf2+ 28.Kc1
Rf1+ 29.Rxf1 Rxf1+ 30.Kd2 Rf4 31.b4 cxb4 32.Kd3 Kf7 33.h5 Kf6 34.Re3 Kf7 35.c5
dxc5 36.Re4 Rxe4 37.Kxe4 c4 0-1

[Event "Individual Zaragoza Primera 2015"]
[Site ""]
[Date "2015.10.18"]
[Round "3.8"]
[White "Landa Garriga Francisco Javier"]
[Black "Manguez Cambra José Luis"]
[Result "1/2-1/2"]
[WhiteElo "1838"]
[BlackElo "1712"]

1.e4 d5 2.exd5 Nf6 3.Nc3 Nxd5 4.d4 Nxc3 5.bxc3 c6 6.Bc4 Nd7 7.Nf3 Nf6 8.O-O e6
9.Bd3 Be7 10.c4 O-O 11.Qe2 Re8 12.c3 b6 13.Bg5 Bb7 14.Rfd1 Qc7 15.Ne5 c5 16.
Bc2 Rad8 17.Qd3 Be4 18.Qe2 Bxc2 19.Qxc2 Nd7 20.Bxe7 Rxe7 21.Nf3 h6 22.Rac1
cxd4 23.cxd4 Rc8 24.Qb3 Nb8 25.Rd2 Rd7 26.Ne5 Rdd8 27.h3 Nc6 28.Nf3 1/2-1/2

[Event "Individual Zaragoza Primera 2015"]
[Site ""]
[Date "2015.10.18"]
[Round "3.9"]
[White "Abad Viñas Jesús Manuel"]
[Black "Carruez Gracia Eduardo"]
[Result "0-1"]
[WhiteElo "1810"]
[BlackElo "1706"]

1.c4 e5 2.g3 Nf6 3.Nc3 Nc6 4.Bg2 g6 5.d3 Bg7 6.Nf3 O-O 7.O-O d6 8.Rb1 Nd7 9.b4
f5 10.Bg5 Nf6 11.Qd2 Ne7 12.Ne1 Nh5 13.Bf3 c6 14.Bxh5 gxh5 15.b5 f4 16.bxc6
bxc6 17.Ne4 h6 18.Bh4 Qc7 19.Bxe7 Qxe7 20.Qb4 Bh3 21.Ng2 Rad8 22.Qb7 Qxb7 23.
Rxb7 f3 24.exf3 Rxf3 25.Rd1 d5 26.cxd5 cxd5 27.Nc5 Rc8 28.Nh4 Rf7 29.Rxf7 Kxf7
30.Nb3 Rc7 31.Rd2 Rc3 32.f3 Bf8 33.Kf2 a5 34.Nxa5 Bc5+ 35.Ke2 Rc1 36.f4 Bb4
37.Nb3 Bxd2 38.Nxc1 Bxc1 39.fxe5 Bg4+ 40.Kf2 Bb2 41.Ke3 Bxe5 42.a4 Bc3 43.Ng2
Bd7 44.Nf4 d4+ 45.Ke4 Bxa4 46.Nxh5 Ke6 47.Nf4+ Kf6 48.Nd5+ Kg5 49.Nf4 Kg4 50.
Ne2 Kh3 51.Kf3 Bd1 52.Kf2 Bxe2 53.Kxe2 Kxh2 54.Kf2 Be1+ 55.Kxe1 Kxg3 56.Kf1 h5
57.Kg1 Kf3 0-1

[Event "Individual Zaragoza Primera 2015"]
[Site ""]
[Date "2015.10.18"]
[Round "3.10"]
[White "Galvez Longas Isaac"]
[Black "Arias Alvarez Alberto"]
[Result "1-0"]
[WhiteElo "1718"]
[BlackElo "1785"]

1.c4 Nf6 2.Nc3 e6 3.d4 Bb4 4.Bd2 b6 5.Nf3 Bb7 6.e3 O-O 7.Bd3 Bxc3 8.Bxc3 Ne4
9.Bxe4 Bxe4 10.d5 d6 11.Qd4 e5 12.Qxe4 Nd7 13.Qc2 f5 14.h3 Nc5 15.Nd2 e4 16.
O-O-O Nd3+ 17.Kb1 Nxf2 18.Rhf1 Nxd1 19.Qxd1 Qe7 20.g3 g6 21.Nb3 Kf7 22.Nd4 a5
23.g4 Ke8 24.gxf5 gxf5 25.Nxf5 Qg5 26.Ng7+ Ke7 27.Rxf8 Rxf8 28.Ne6 Qxe3 29.
Nxf8 Kxf8 30.Qf1+ Ke8 31.a3 Qg3 32.Qf5 Qd3+ 33.Ka2 Qxc4+ 34.Ka1 e3 35.Qe6+ Kf8
36.Qxe3 Qxd5 37.Qh6+ Ke8 38.Qxh7 Qh1+ 39.Ka2 Qd5+ 40.Ka1 Qh1+ 41.Ka2 Qd5+ 42.
b3 b5 43.Bxa5 Qg2+ 44.Kb1 Qf1+ 45.Kc2 Qe2+ 46.Bd2 Kd8 47.Qh4+ Ke8 48.Qg4 Qe7
49.h4 c5 50.h5 Qh7+ 51.Qg6+ 1-0

[Event "Individual Zaragoza Primera 2015"]
[Site ""]
[Date "2015.10.18"]
[Round "3.11"]
[White "Peña Gil José Alejandro"]
[Black "Martinez Saenz Esteban"]
[Result "0-1"]
[WhiteElo "1573"]
[BlackElo "1761"]

1.d4 g6 2.Nf3 Bg7 3.c4 c5 4.e3 cxd4 5.exd4 Nf6 6.Nc3 O-O 7.Be2 d5 8.b3 b6 9.
Bf4 Bb7 10.O-O dxc4 11.bxc4 Nh5 12.Be5 f6 13.Bxb8 Rxb8 14.d5 Nf4 15.Rb1 e6 16.
g3 Nxe2+ 17.Qxe2 exd5 18.cxd5 Rc8 19.Rbc1 Re8 20.Qd3 f5 21.Rfd1 Kh8 22.h3 Rc5
23.h4 Qc8 24.Ne2 Ba6 25.Rxc5 bxc5 26.Qb3 Bxe2 27.Rd2 c4 28.Qc2 Bxf3 29.d6 Re1+
0-1

[Event "Individual Zaragoza Primera 2015"]
[Site ""]
[Date "2015.10.18"]
[Round "3.12"]
[White "Pascual Sesé Lucas"]
[Black "Vallejo Blasco Marta"]
[Result "1-0"]
[WhiteElo "1755"]
[BlackElo "1471"]

1.e4 c6 2.d4 d5 3.e5 Bf5 4.Bd3 Bxd3 5.Qxd3 e6 6.Ne2 Nd7 7.O-O Qc7 8.Bf4 c5 9.
c3 Ne7 10.b3 Qb6 11.Nd2 Rc8 12.Be3 cxd4 13.cxd4 Nf5 14.Rac1 Rd8 15.Bf4 Ba3 16.
Rc2 O-O 17.Nf3 Rc8 18.g4 Ne7 19.Ng5 g6 20.Qh3 1-0

[Event "Individual Zaragoza Primera 2015"]
[Site ""]
[Date "2015.10.18"]
[Round "3.13"]
[White "Martin Pastor Iván"]
[Black "Garcia Artal Obdulio"]
[Result "1-0"]
[WhiteElo "1743"]
[BlackElo "1643"]

1.e4 e5 2.Nf3 d6 3.d4 Nc6 4.d5 Nce7 5.Bg5 h6 6.Be3 Nf6 7.Bd3 Ng6 8.O-O Be7 9.
c4 b6 10.Nc3 O-O 11.b4 Nf4 12.Bxf4 exf4 13.e5 Ng4 14.exd6 Bxd6 15.Rc1 Bxb4 16.
h3 Bxc3 17.Rxc3 Qf6 18.Rb3 Ne5 19.Nxe5 Qxe5 20.Re1 Qf6 21.Qf3 Bd7 22.Re4 Qa1+
23.Rb1 Qxa2 24.Re7 Qa4 25.Qxf4 Rac8 26.Rbe1 Rce8 27.Qxc7 Rxe7 28.Rxe7 Bxh3 29.
gxh3 Qd1+ 30.Bf1 1-0

[Event "Individual Zaragoza Primera 2015"]
[Site ""]
[Date "2015.10.18"]
[Round "3.14"]
[White "Marin Fuertes Angel Maria"]
[Black "Monge Arrufat José Miguel"]
[Result "0-1"]
[WhiteElo "1871"]
[BlackElo "1661"]

1.e4 e6 2.d4 d5 3.Nc3 Nf6 4.Bg5 h6 5.Be3 Nxe4 6.Nxe4 dxe4 7.Bc4 Nd7 8.Ne2 Be7
9.O-O O-O 10.Ng3 Nf6 11.Re1 b6 12.Qe2 a6 13.Rad1 b5 14.Bb3 Bb7 15.c3 Bd6 16.
Nh5 Kh7 17.Nxf6+ Qxf6 18.Qg4 Qg6 19.Qh3 Rae8 20.Bc2 f5 21.Bc1 Kh8 22.Rd2 Bf4
23.Rde2 Bxc1 24.Rxc1 Qf6 25.Rce1 e5 26.dxe5 Rxe5 27.f4 Re7 28.Qe3 Rd8 29.Rd2
Red7 30.Rxd7 Rxd7 31.Rd1 Rxd1+ 32.Bxd1 Qb6 33.Qxb6 cxb6 34.g3 g6 35.Kf2 Kg7
36.Ke3 Kf6 37.Bb3 Bc6 38.Kd4 a5 39.a3 g5 40.Ke3 Be8 41.Bd1 Ke6 42.Be2 Kd5 43.
fxg5 hxg5 44.h4 gxh4 45.gxh4 Ke5 46.Bf1 f4+ 47.Ke2 b4 48.cxb4 Bb5+ 49.Ke1 Bxf1
50.bxa5 Ba6 51.axb6 e3 52.b7 Bxb7 53.a4 f3 54.b4 Be4 0-1

[Event "Individual Zaragoza Primera 2015"]
[Site ""]
[Date "2015.10.18"]
[Round "3.15"]
[White "Sanchez Diaz Vicente"]
[Black "Rubio Tello Abel"]
[Result "0-1"]
[WhiteElo "1683"]
[BlackElo "1864"]

1.d3 d5 2.Nf3 Nf6 3.b3 c5 4.Bb2 Nc6 5.e3 Bg4 6.Be2 e6 7.Nbd2 Bd6 8.c4 O-O 9.
O-O Qc7 10.Bxf6 gxf6 11.g3 Bh3 12.Re1 d4 13.e4 Kh8 14.Nh4 Rg8 15.Bf1 Bxf1 16.
Rxf1 Ne5 17.Ndf3 Ng4 18.Kh1 Rg7 19.Qe1 Rag8 20.Rg1 Qc6 21.Nd2 f5 22.f4 Ne3 23.
Qf2 fxe4 24.dxe4 Be7 25.Ng2 Ng4 26.Ne1 Nxf2+ 0-1